[Event "SVR-ch Seniors"]
[Site "Lahnstein"]
[Date "2019.04.20"]
[Round "7"]
[White "Rezakovic, Jakub"]
[Black "Wessely, Guenter"]
[Result "0-1"]
[WhiteElo "1678"]
[BlackElo "1665"]
[PlyCount "116"]
[EventDate "2019.04.13"]
[EventType "swiss"]
[EventRounds "7"]
[EventCountry "GER"]
[SourceTitle "EXT 2021"]
[Source "ChessBase"]
[SourceDate "2020.10.23"]
[SourceVersion "1"]
[SourceVersionDate "2020.10.23"]
[SourceQuality "1"]

1. d4 d5 2. Nf3 Nf6 3. a3 e6 4. Bg5 c5 5. c3 Nc6 6. h3 Bd7 7. Nbd2 cxd4 8. cxd4 Be7 9. e3 a6 10. Be2 b5 11. Rc1 Na5 12. 0-0 Nc4 13. Rb1 0-0 14. Bd3 h6 15. Bh4 Nh7 16. Bxe7 Qxe7 17. Nb3 Ng5 18. Nbd2 Nxf3+ 19. Nxf3 f6 20. Nh4 Be8 21. Re1 f5 22. Nf3 Bh5 23. Be2 f4 24. exf4 Rxf4 25. b4 Nxa3 26. Rb3 Nc4 27. Qd3 Qf6 28. Qd1 Bxf3 29. Bxf3 Rxd4 30. Qe2 Nd2 31. Re3 Nxf3+ 32. Rxf3 Qe7 33. Qe5 Rxb4 34. Rd1 Re4 35. Qg3 b4 36. Rc1 Rc4 37. Re1 Rac8 38. Qg6 Rc1 39. Rfe3 a5 40. Kh2 Rxe1 41. Rxe1 Qf6 42. Qg3 a4 43. Re3 Rc3 44. Qb8+ Qf8 45. Qb6 Rxe3 46. fxe3 Qe7 47. Qa6 a3 48. Qc8+ Kf7 49. Qc2 Qb7 50. Qb3 Qc7+ 51. Kh1 Qc3 52. Qa4 Qxe3 53. Qd7+ Kg6 54. Qa4 Qe4 55. Kh2 Qb1 56. Qe8+ Kh7 57. Qxe6 a2 58. Qxd5 a1Q 0-1

[Event "SVR-ch Seniors"]
[Site "Lahnstein"]
[Date "2019.04.18"]
[Round "5"]
[White "Senger, Alexander"]
[Black "Rezakovic, Jakub"]
[Result "0-1"]
[WhiteElo "1812"]
[BlackElo "1678"]
[PlyCount "84"]
[EventDate "2019.04.13"]
[EventType "swiss"]
[EventRounds "7"]
[EventCountry "GER"]
[SourceTitle "EXT 2021"]
[Source "ChessBase"]
[SourceDate "2020.10.23"]
[SourceVersion "1"]
[SourceVersionDate "2020.10.23"]
[SourceQuality "1"]

1. e4 c5 2. c3 Nc6 3. d4 Qb6 4. Nf3 d6 5. d5 Nb8 6. Nbd2 Nf6 7. Nc4 Qc7 8. Bd3 g6 9. 0-0 Bg7 10. h3 a6 11. a4 0-0 12. Ng5 Nbd7 13. f4 Rb8 14. Na3 Nh5 15. Kh2 Nb6 16. Be2 Nf6 17. a5 Nbd7 18. Nc4 h6 19. e5 dxe5 20. fxe5 hxg5 21. d6 exd6 22. exd6 Qd8 23. Bxg5 Re8 24. Bf3 Ne5 25. Nxe5 Rxe5 26. Bf4 Rf5 27. Qd2 Qd7 28. g4 Rxf4 29. Qxf4 Qb5 30. Rab1 Qxa5 31. g5 Nd7 32. Bd5 Be5 33. Bxf7+ Kg7 34. Be6 Bxf4+ 35. Rxf4 Ne5 36. Re1 Bxe6 37. Rxe5 Bf5 38. d7 Rd8 39. Re7+ Kf8 40. Rh7 Qc7 41. Kg3 Rxd7 42. Rxd7 Qxd7 0-1

[Event "SVR-ch Seniors"]
[Site "Lahnstein"]
[Date "2019.04.13"]
[Round "2"]
[White "Burg, Karl Josef"]
[Black "Rezakovic, Jakub"]
[Result "1-0"]
[WhiteElo "1850"]
[BlackElo "1678"]
[PlyCount "97"]
[EventDate "2019.04.13"]
[EventType "swiss"]
[EventRounds "7"]
[EventCountry "GER"]
[SourceTitle "EXT 2021"]
[Source "ChessBase"]
[SourceDate "2020.10.23"]
[SourceVersion "1"]
[SourceVersionDate "2020.10.23"]
[SourceQuality "1"]

1. d4 d5 2. Nf3 Nf6 3. Nbd2 a6 4. e3 Nc6 5. c4 Bg4 6. h3 Bh5 7. Be2 e6 8. a3 Bd6 9. c5 Be7 10. b4 Na7 11. Bb2 c6 12. g4 Bg6 13. Ne5 0-0 14. Nxg6 fxg6 15. 0-0 Kh8 16. f4 Rb8 17. g5 Ne4 18. Nxe4 dxe4 19. Bc4 Qc7 20. h4 Rbe8 21. Qg4 Bd8 22. Bxe6 Qe7 23. Bd7 Nb5 24. Bxe8 Qxe8 25. Rf2 Nc7 26. Raf1 Nd5 27. Bc1 Ne7 28. Rh2 Qf7 29. h5 gxh5 30. Rxh5 g6 31. Rh2 Nf5 32. Qg2 Re8 33. Qf2 Rf8 34. Kg2 Qc4 35. Rfh1 Rf7 36. Qd2 Rd7 37. Rh3 Kg8 38. Bb2 Be7 39. Qc3 Qd5 40. Ra1 Bd8 41. a4 Rf7 42. Rc1 Rd7 43. Qc4 Bc7 44. Qxd5+ Rxd5 45. Rb1 Bd8 46. Bc3 Rd7 47. b5 Ne7 48. bxa6 bxa6 49. Rb8 1-0